000 00857nam a2200265Ia 4500
001 Para_8449
003 CHAP
008 220125s9999 xx 000 0 und d
010 _a207292
040 _cCHAP
082 _aPA-C 595.752 A6
100 _aPatch, Edith M.
_986145
245 _aEastern aphids, new or little known part. I /
_c by Edith M. Patch
300 _a5 p.
440 _aAphidae; 14
_9173807
500 _aSobretiro de: Journal of Economic Entomology 10 (4): 416-420, 1917. Encuadernado con otros impresos similares
650 _a
_x Afididos
_x Colecciones de escritos
_x Afididos
_x Identificación
_x Afididos
_x Connecticut
_9173856
901 _aPA-C 595.752 A6
902 _aA
905 _a000000 0000000000 00
910 _a
942 _cPARA
942 _cPARA
_d1
999 _c207292
_d207292